000 00368nam a2200133Ia 4500
005 20260328101455.0
008 260328s9999||||xx |||||||||||||| ||und||
100 _aWeber, Nicholas Fox
245 4 _aThe Bauhaus Group :
_b Six Masters of Modernism /
_cNicholas Fox Weber
260 _bAlfred A. Knopf
300 _a521 p.
650 _aARQUITECTURA MODERNA
942 _cBK
999 _c8816
_d8816